| 000 | 00380nam a2200145Ia 4500 | ||
|---|---|---|---|
| 008 | 230917s9999||||xx |||||||||||||| ||und|| | ||
| 040 |
_e202016 _aMAIN |
||
| 041 | _aEnglish | ||
| 082 | _a355.4 P282C | ||
| 100 | _aPaul, T V, ed. | ||
| 245 | 0 | _aComplex deterrence: Strategy in the global age | |
| 260 |
_aNew Delhi _bFoundation Books _c2011 |
||
| 300 | _ax, 345 p. | ||
| 942 | _cBK | ||
| 999 |
_c162287 _d162287 |
||